[Event "Regionalliga SW 0001"]
[Site "Bayern"]
[Date "2001.04.29"]
[Round "9"]
[White "Koller, Werner"]
[Black "Pleyer, Felix"]
[Result "1/2-1/2"]
[WhiteElo "1990"]
[BlackElo "1900"]
[PlyCount "20"]
[EventDate "2000.10.15"]
[EventType "team-tourn"]
[EventRounds "9"]
[EventCountry "GER"]
[SourceTitle "EXT 2020"]
[Source "ChessBase"]
[SourceDate "2019.10.17"]
[SourceVersion "1"]
[SourceVersionDate "2019.10.17"]
[SourceQuality "1"]
[WhiteTeam "Augsburg SG 1873"]
[BlackTeam "Sonthofen"]
[WhiteTeamCountry "GER"]
[BlackTeamCountry "GER"]

1. d4 c5 2. c3 e6 3. Nf3 Nf6 4. e3 d5 5. Bd3 Be7 6. Nbd2 Nbd7 7. 0-0 0-0 8. Qe2 b6 9. e4 dxe4 10. Nxe4 Bb7 1/2-1/2

[Event "Regionalliga SW 0001"]
[Site "Bayern"]
[Date "2001.04.01"]
[Round "8"]
[White "Christiansen, Martin"]
[Black "Koller, Werner"]
[Result "1-0"]
[WhiteElo "1965"]
[BlackElo "1990"]
[PlyCount "29"]
[EventDate "2000.10.15"]
[EventType "team-tourn"]
[EventRounds "9"]
[EventCountry "GER"]
[SourceTitle "EXT 2020"]
[Source "ChessBase"]
[SourceDate "2019.10.17"]
[SourceVersion "1"]
[SourceVersionDate "2019.10.17"]
[SourceQuality "1"]
[WhiteTeam "Pasing II"]
[BlackTeam "Augsburg SG 1873"]
[WhiteTeamCountry "GER"]
[BlackTeamCountry "GER"]

1. d4 d5 2. c4 dxc4 3. Nf3 Nf6 4. e3 Be6 5. Qc2 Qd5 6. Nc3 Qh5 7. e4 Nbd7 8. Ng5 0-0-0 9. d5 Bg4 10. f3 Ne5 11. fxg4 Nfxg4 12. Bf4 Nd3+ 13. Bxd3 cxd3 14. Qxd3 e5 15. Qh3 1-0

[Event "Regionalliga SW 0001"]
[Site "Bayern"]
[Date "2001.02.18"]
[Round "6.6"]
[White "Hanisch, Pavel"]
[Black "Koller, Werner"]
[Result "1-0"]
[WhiteElo "2025"]
[BlackElo "1990"]
[PlyCount "71"]
[EventDate "2000.10.15"]
[EventType "team-tourn"]
[EventRounds "9"]
[EventCountry "GER"]
[SourceTitle "EXT 2020"]
[Source "ChessBase"]
[SourceDate "2019.10.17"]
[SourceVersion "1"]
[SourceVersionDate "2019.10.17"]
[SourceQuality "1"]
[WhiteTeam "Muenchen Tarrasch"]
[BlackTeam "Augsburg SG 1873"]
[WhiteTeamCountry "GER"]
[BlackTeamCountry "GER"]

1. e4 Nf6 2. e5 Nd5 3. d4 d6 4. Nf3 Nb6 5. a4 a5 6. Nc3 g6 7. exd6 cxd6 8. Bb5+ Bd7 9. 0-0 Bg7 10. Re1 0-0 11. Bg5 f6 12. Bh4 e6 13. Qe2 Nc6 14. Rad1 Qc7 15. Ne4 Rad8 16. c4 Bc8 17. Bg3 e5 18. c5 dxc5 19. dxc5 Nd5 20. Bc4 Ncb4 21. Nd4 Kh8 22. Nb5 Qc6 23. Nbd6 Be6 24. h4 Bg8 25. h5 b6 26. Bb5 Qc7 27. cxb6 Qxb6 28. Nc4 Qa7 29. hxg6 hxg6 30. Qg4 f5 31. Qh4+ Bh7 32. Ng5 Bf6 33. Nxe5 f4 34. Nxg6+ Kg8 35. Ne7+ Kh8 36. Qxh7# 1-0

[Event "Regionalliga SW 9900"]
[Site "Bayern"]
[Date "2000.??.??"]
[Round "9.5"]
[White "Lutz, Gerhard"]
[Black "Koller, Werner"]
[Result "1-0"]
[WhiteElo "1773"]
[BlackElo "2000"]
[PlyCount "71"]
[EventDate "1999.??.??"]
[EventType "team-tourn"]
[EventRounds "9"]
[EventCountry "GER"]
[SourceTitle "EXT 2001"]
[Source "ChessBase"]
[SourceDate "2000.11.22"]
[SourceVersion "1"]
[SourceVersionDate "2000.11.22"]
[SourceQuality "1"]
[WhiteTeam "Garching"]
[BlackTeam "Augsburg SG 1873"]
[WhiteTeamCountry "GER"]
[BlackTeamCountry "GER"]

1. e4 Nf6 2. e5 Nd5 3. d4 d6 4. c4 Nb6 5. exd6 cxd6 6. Nc3 g6 7. Be3 Bg7 8. h4 h5 9. Be2 Nc6 10. d5 Ne5 11. Bd4 Bf6 12. Ne4 Bf5 13. Nxf6+ exf6 14. Nf3 Kf8 15. b3 Nbd7 16. 0-0 Bg4 17. Nd2 Rh7 18. Ne4 Qe7 19. f3 Bf5 20. Ng3 Nc5 21. Nxf5 gxf5 22. Qc2 Ng6 23. Bf2 Rg7 24. Rfe1 f4 25. Qf5 Qe5 26. Qc2 f5 27. Qd2 Qe7 28. Bf1 Qd7 29. b4 Na4 30. Rac1 Qd8 31. Red1 Ne5 32. Qxf4 Qf6 33. c5 Rc8 34. Bd4 b6 35. cxd6 Rxc1 36. Bxe5 1-0

[Event "Regionalliga SW 9900"]
[Site "Bayern"]
[Date "1999.??.??"]
[Round "1.4"]
[White "Kindtner, Ulrich"]
[Black "Koller, Werner"]
[Result "1-0"]
[WhiteElo "2190"]
[BlackElo "2000"]
[PlyCount "117"]
[EventDate "1999.??.??"]
[EventType "team-tourn"]
[EventRounds "9"]
[EventCountry "GER"]
[SourceTitle "EXT 2020"]
[Source "ChessBase"]
[SourceDate "2019.10.17"]
[SourceVersion "1"]
[SourceVersionDate "2019.10.17"]
[SourceQuality "1"]
[WhiteTeam "Pasing II"]
[BlackTeam "Augsburg SG 1873"]
[WhiteTeamCountry "GER"]
[BlackTeamCountry "GER"]

1. c4 Nf6 2. Nc3 g6 3. e4 d6 4. d4 Bg7 5. Be2 0-0 6. Bg5 h6 7. Be3 e5 8. d5 Nbd7 9. Qd2 Nc5 10. f3 Nh5 11. 0-0-0 Kh7 12. g4 Nf4 13. h4 Bd7 14. Nh3 Nxh3 15. Rxh3 a6 16. h5 g5 17. Kb1 Rb8 18. Ka1 Bf6 19. Rhh1 b5 20. b4 Na4 21. Nxa4 bxa4 22. c5 Bb5 23. c6 Bg7 24. Rb1 Qe8 25. Bd1 Qe7 26. a3 Ra8 27. Bc2 Rfb8 28. Qd1 Qf6 29. Bd2 Kg8 30. Rh3 Qd8 31. Bxa4 Bxa4 32. Qxa4 Qf6 33. Qd1 Rb5 34. Qe2 Qd8 35. Rhh1 Qb8 36. Qd3 a5 37. bxa5 Rxb1+ 38. Rxb1 Qa7 39. Rb7 Qg1+ 40. Ka2 Qf2 41. Rxc7 Rxa5 42. Rb7 Rc5 43. Rb3 Bf6 44. Rc3 Bd8 45. Rxc5 Qxc5 46. Qc3 Qf2 47. Kb3 Bb6 48. Be3 Bxe3 49. c7 Bd4 50. c8Q+ Kg7 51. Qc2 Qxf3+ 52. Ka2 Bc5 53. Qa6 Qxg4 54. Qae2 Qg1 55. Qcd1 Qg3 56. Qf3 Qh2+ 57. Qde2 Qg1 58. Qef1 Qh2+ 59. Kb3 1-0

[Event "Regionalliga SW 9900"]
[Site "Bayern"]
[Date "1999.??.??"]
[Round "2.5"]
[White "Lechner, Marco"]
[Black "Koller, Werner"]
[Result "1/2-1/2"]
[WhiteElo "1805"]
[BlackElo "2000"]
[PlyCount "49"]
[EventDate "1999.??.??"]
[EventType "team-tourn"]
[EventRounds "9"]
[EventCountry "GER"]
[SourceTitle "EXT 2020"]
[Source "ChessBase"]
[SourceDate "2019.10.17"]
[SourceVersion "1"]
[SourceVersionDate "2019.10.17"]
[SourceQuality "1"]
[WhiteTeam "Noerdlingen"]
[BlackTeam "Augsburg SG 1873"]
[WhiteTeamCountry "GER"]
[BlackTeamCountry "GER"]

1. d4 Nf6 2. Nf3 g6 3. g3 d5 4. Bg2 Bg7 5. 0-0 0-0 6. c4 dxc4 7. Nc3 c6 8. Ne5 Be6 9. e4 Nbd7 10. f4 Nxe5 11. fxe5 Bg4 12. Qd2 Nh5 13. Qf2 f6 14. e6 f5 15. e5 f4 16. gxf4 g5 17. d5 Nxf4 18. Bxf4 Rxf4 19. Qe3 Qb6 20. Qxb6 axb6 21. dxc6 bxc6 22. Bxc6 Rc8 23. Nd5 Rxf1+ 24. Rxf1 Bf8 25. Bd7 1/2-1/2

[Event "Regionalliga SW 9798"]
[Site "Bayern"]
[Date "1998.??.??"]
[Round "?.5"]
[White "Hofmarksrichter, Ulrich"]
[Black "Koller, Werner"]
[Result "0-1"]
[WhiteElo "1850"]
[BlackElo "1965"]
[PlyCount "156"]
[EventDate "1997.10.??"]
[EventType "team-tourn"]
[EventRounds "9"]
[EventCountry "GER"]
[SourceTitle "EXT 2020"]
[Source "ChessBase"]
[SourceDate "2019.10.17"]
[SourceVersion "1"]
[SourceVersionDate "2019.10.17"]
[SourceQuality "1"]
[WhiteTeam "Muenchen 36 II"]
[BlackTeam "Augsburg SG 1873"]
[WhiteTeamCountry "GER"]
[BlackTeamCountry "GER"]

1. e4 g6 2. d4 Bg7 3. Nf3 d6 4. Bc4 Nf6 5. e5 dxe5 6. Nxe5 0-0 7. 0-0 Nbd7 8. Qe2 c6 9. Rd1 Nd5 10. Bb3 e6 11. c4 N5b6 12. Nc3 Qc7 13. Bf4 Nxe5 14. Bxe5 Bxe5 15. dxe5 Nd7 16. Rd6 f6 17. Rad1 Nxe5 18. c5 Kg7 19. Bxe6 Bxe6 20. Rxe6 Rad8 21. Red6 b6 22. b4 a5 23. cxb6 Qxb6 24. bxa5 Qxa5 25. Ne4 Rxd6 26. Rxd6 Rb8 27. Rd1 Qa3 28. h3 Rb2 29. Qe3 Qxe3 30. fxe3 Rxa2 31. Rd6 Re2 32. Nxf6 Rxe3 33. Ne8+ Kf7 34. Nc7 Rd3 35. Re6 Re3 36. Rd6 Rd3 37. Re6 Rd7 38. Rxe5 Rxc7 39. Rc5 Ke6 40. Kf2 Kd6 41. Rc1 c5 42. Ke3 Kd5 43. Kd3 c4+ 44. Kc3 Ra7 45. Rd1+ Kc5 46. Re1 Ra3+ 47. Kb2 Rg3 48. Re2 Kd4 49. Rd2+ Ke5 50. Rd7 Rxg2+ 51. Kc3 Rg3+ 52. Kxc4 Rxh3 53. Re7+ Kf4 54. Kd4 Rh1 55. Rf7+ Kg4 56. Ke3 g5 57. Kf2 h5 58. Ra7 h4 59. Kg2 Rb1 60. Ra4+ Kh5 61. Ra5 Rb3 62. Rc5 h3+ 63. Kh2 Kh4 64. Rc4+ g4 65. Ra4 Rb2+ 66. Kh1 Rf2 67. Ra1 g3 68. Ra4+ Kg5 69. Ra1 Re2 70. Rb1 Kf4 71. Kg1 Kf3 72. Rb3+ Re3 73. Rb1 g2 74. Kh2 Kf2 75. Rf1+ gxf1N+ 76. Kh1 Kg3 77. Kg1 Re1 78. Kh1 Ne3# 0-1

[Event "Regionalliga SW 9798"]
[Site "Bayern"]
[Date "1998.??.??"]
[Round "?.5"]
[White "Koller, Werner"]
[Black "Jermann, Frank"]
[Result "1-0"]
[WhiteElo "1965"]
[BlackElo "2050"]
[PlyCount "47"]
[EventDate "1997.10.??"]
[EventType "team-tourn"]
[EventRounds "9"]
[EventCountry "GER"]
[SourceTitle "EXT 2020"]
[Source "ChessBase"]
[SourceDate "2019.10.17"]
[SourceVersion "1"]
[SourceVersionDate "2019.10.17"]
[SourceQuality "1"]
[WhiteTeam "Augsburg SG 1873"]
[BlackTeam "Muenchen Suedost"]
[WhiteTeamCountry "GER"]
[BlackTeamCountry "GER"]

1. e4 c6 2. d3 d5 3. Nd2 g6 4. g3 Bg7 5. Bg2 e5 6. Ngf3 Ne7 7. 0-0 0-0 8. Re1 Qc7 9. c3 a5 10. d4 Nd7 11. dxe5 Nxe5 12. Nxe5 Bxe5 13. exd5 cxd5 14. Nf3 Bg7 15. Nd4 Rd8 16. Bg5 f6 17. Bf4 Qd7 18. Ne6 Qxe6 19. Rxe6 Bxe6 20. Qe2 Kf7 21. Re1 Ra6 22. b4 axb4 23. cxb4 b5 24. Qxb5 1-0

[Event "Regionalliga SW 9798"]
[Site "Bayern"]
[Date "1997.??.??"]
[Round "?.6"]
[White "Koller, Werner"]
[Black "Tudosa, Daniel"]
[Result "1-0"]
[WhiteElo "1965"]
[BlackElo "2005"]
[PlyCount "93"]
[EventDate "1997.10.??"]
[EventType "team-tourn"]
[EventRounds "9"]
[EventCountry "GER"]
[SourceTitle "EXT 2020"]
[Source "ChessBase"]
[SourceDate "2019.10.17"]
[SourceVersion "1"]
[SourceVersionDate "2019.10.17"]
[SourceQuality "1"]
[WhiteTeam "Augsburg SG 1873"]
[BlackTeam "Tuerkheim"]
[WhiteTeamCountry "GER"]
[BlackTeamCountry "GER"]

1. d4 Nf6 2. c4 g6 3. Nc3 Bg7 4. e4 d6 5. Be2 0-0 6. Bg5 c5 7. d5 a6 8. a4 Qa5 9. Bd2 Qc7 10. Nf3 e6 11. 0-0 exd5 12. exd5 Bg4 13. Ng5 Bxe2 14. Qxe2 Re8 15. Qf3 h6 16. Nce4 Nxe4 17. Nxe4 f5 18. Nc3 Nd7 19. Qh3 Kh7 20. Rae1 Ne5 21. b3 Ng4 22. Ne2 Qf7 23. Nf4 Rxe1 24. Rxe1 Qf6 25. Qg3 Qd4 26. Bc1 Be5 27. Qf3 Bxf4 28. Qxf4 Re8 29. Qd2 Qxd2 30. Bxd2 Rxe1+ 31. Bxe1 Kg8 32. f3 Nf6 33. Kf2 Kf7 34. Ke3 g5 35. g3 Nh5 36. b4 b6 37. bxc5 bxc5 38. g4 fxg4 39. fxg4 Nf6 40. h3 Nd7 41. Bg3 Nb6 42. Kd3 Ke7 43. a5 Nd7 44. Ke4 Nf6+ 45. Kf5 Nd7 46. Kg6 Nf6 47. Bxd6+ 1-0

[Event "Regionalliga SW 9596"]
[Site "Bayern"]
[Date "1996.??.??"]
[Round "?"]
[White "Koller, Werner"]
[Black "Wiest, Franz"]
[Result "0-1"]
[WhiteElo "1990"]
[BlackElo "2030"]
[PlyCount "86"]
[EventDate "1995.10.??"]
[EventType "team-tourn"]
[EventRounds "9"]
[EventCountry "GER"]
[SourceTitle "EXT 1999"]
[Source "ChessBase"]
[SourceDate "1998.11.16"]
[SourceVersion "1"]
[SourceVersionDate "1998.11.16"]
[SourceQuality "1"]
[WhiteTeam "Augsburg SG 1873"]
[BlackTeam "Lauingen"]
[WhiteTeamCountry "GER"]
[BlackTeamCountry "GER"]

1. Nf3 Nf6 2. g3 g6 3. b3 Bg7 4. Bb2 0-0 5. Bg2 d6 6. d4 c6 7. 0-0 Qc7 8. Nbd2 Nbd7 9. a4 a5 10. Re1 Re8 11. Nc4 b5 12. Ne3 Bb7 13. c4 Qb6 14. Qc2 Rec8 15. Bc3 b4 16. Bb2 d5 17. c5 Qc7 18. Ne5 Nxe5 19. dxe5 Nd7 20. f4 Ba6 21. Ng4 e6 22. e4 Bf8 23. Bd4 Rd8 24. Kh1 Rac8 25. Rac1 h5 26. Ne3 Bg7 27. Bh3 Nf8 28. exd5 cxd5 29. Ng2 Nd7 30. Nh4 Nf8 31. Rg1 Qe7 32. f5 gxf5 33. Bxf5 exf5 34. Nxf5 Qe6 35. g4 h4 36. Qf2 Ng6 37. Rce1 Bd3 38. Nd6 Rxd6 39. exd6 Be4+ 40. Rg2 Bxg2+ 41. Kxg2 Qxg4+ 42. Kf1 Bxd4 43. d7 Qh3+ 0-1

[Event "Regionalliga SW 9495"]
[Site "Bayern"]
[Date "1995.??.??"]
[Round "?.6"]
[White "Hengelage, Thomas"]
[Black "Koller, Werner"]
[Result "1/2-1/2"]
[WhiteElo "1985"]
[BlackElo "1980"]
[PlyCount "80"]
[EventDate "1994.10.??"]
[EventType "team-tourn"]
[EventRounds "9"]
[EventCountry "GER"]
[SourceTitle "EXT 1999"]
[Source "ChessBase"]
[SourceDate "1998.11.16"]
[SourceVersion "1"]
[SourceVersionDate "1998.11.16"]
[SourceQuality "1"]
[WhiteTeam "Muenchen RT"]
[BlackTeam "Augsburg SG 1873"]
[WhiteTeamCountry "GER"]
[BlackTeamCountry "GER"]

1. Nf3 c5 2. g3 Nc6 3. Bg2 g6 4. 0-0 Bg7 5. c4 e5 6. Nc3 Nge7 7. d3 0-0 8. Rb1 d5 9. cxd5 Nxd5 10. Nxd5 Qxd5 11. b3 h6 12. Be3 Qd6 13. Qc1 Rd8 14. Bxh6 Bh8 15. Bg5 f6 16. Be3 b6 17. a3 Bg4 18. b4 cxb4 19. axb4 Rac8 20. Qb2 Be6 21. Rfc1 f5 22. Qd2 Bd5 23. Bg5 Rf8 24. b5 Na5 25. Rxc8 Rxc8 26. Rc1 Rc5 27. Rxc5 Qxc5 28. Qc1 Qxc1+ 29. Bxc1 Kf8 30. Ba3+ Ke8 31. Nh4 Bf7 32. e4 f4 33. gxf4 Bf6 34. Nf3 exf4 35. Bd6 g5 36. e5 Bd8 37. Nd4 Bg6 38. Be4 Bxe4 39. dxe4 Kd7 40. Bb4 Be7 1/2-1/2

[Event "Regionalliga SW 9495"]
[Site "Bayern"]
[Date "1995.??.??"]
[Round "?.6"]
[White "Koller, Werner"]
[Black "Marschall, Josef"]
[Result "1/2-1/2"]
[WhiteElo "1980"]
[BlackElo "2005"]
[PlyCount "142"]
[EventDate "1994.10.??"]
[EventType "team-tourn"]
[EventRounds "9"]
[EventCountry "GER"]
[SourceTitle "EXT 1999"]
[Source "ChessBase"]
[SourceDate "1998.11.16"]
[SourceVersion "1"]
[SourceVersionDate "1998.11.16"]
[SourceQuality "1"]
[WhiteTeam "Augsburg SG 1873"]
[BlackTeam "Muenchen 36 II"]
[WhiteTeamCountry "GER"]
[BlackTeamCountry "GER"]

1. Nf3 c5 2. g3 g6 3. Bg2 Bg7 4. c4 Nc6 5. Nc3 d6 6. 0-0 Nf6 7. d3 0-0 8. Rb1 Bd7 9. a3 Qc8 10. b4 cxb4 11. axb4 Bh3 12. Bd2 Bxg2 13. Kxg2 e6 14. Qb3 b6 15. Rfc1 Qb7 16. Nb5 Rfd8 17. c5 dxc5 18. bxc5 bxc5 19. Rxc5 Rab8 20. Qc4 Rbc8 21. Rc1 Ne7 22. Rc7 Rxc7 23. Qxc7 Qxc7 24. Rxc7 Rd7 25. Rxa7 Rxa7 26. Nxa7 Nd7 27. Nb5 Nc6 28. Bc3 Bxc3 29. Nxc3 Kf8 30. d4 Nb6 31. e3 Ke7 32. Nd2 f5 33. Kf3 e5 34. dxe5 Nxe5+ 35. Ke2 Ke6 36. f3 Nbd7 37. e4 Nf6 38. f4 Nf7 39. e5 Ne8 40. Nf3 Ng7 41. Nd4+ Kd7 42. Nd5 h6 43. Kd3 g5 44. Ne3 gxf4 45. gxf4 Ne6 46. Nexf5 Nxf4+ 47. Ke4 Ne6 48. Nxe6 Kxe6 49. Nd4+ Ke7 50. Kf5 Ng5 51. Kg6 Nf7 52. e6 Ne5+ 53. Kf5 Nc4 54. h3 Nd6+ 55. Kg6 Ne8 56. Kxh6 Kf6 57. h4 Nd6 58. h5 Ne8 59. Kh7 Kg5 60. h6 Nf6+ 61. Kg7 Nh5+ 62. Kf7 Kxh6 63. e7 Ng7 64. Kf8 Kg6 65. Nf5 Ne6+ 66. Kg8 Nc7 67. Ng7 Kf6 68. Kf8 Kg6 69. Kg8 Kf6 70. Kf8 Kg6 71. Ne8 Nd5 1/2-1/2